MARC

LEADER 00000nam0a2200000 4500
001 207791
005 20231101225424.0
035 |a (RuTPU)RU\TPU\book\226747 
090 |a 207791 
100 |a 20120127d1969 m y0rusy50 ca 
101 0 |a rus 
102 |a RU 
105 |a y j 000zy 
200 1 |a Сборник задач по линейному программированию  |e учебное пособие  |f Ю. Л. Заславский  |g под ред. Д. Б. Юдина 
210 |a Москва  |c Наука  |d 1969 
215 |a 256 с.  |c ил. 
606 1 |a Линейное программирование  |2 stltpush  |3 (RuTPU)RU\TPU\subj\40176  |9 60041 
610 1 |a задачи 
610 1 |a выпуклые множества 
610 1 |a геометрия 
610 1 |a равенства 
610 1 |a неравенства 
610 1 |a решение 
610 1 |a двойственность 
610 1 |a игры 
610 1 |a теория 
610 1 |a учебные пособия 
675 |a 519.852(076)  |v 3 
700 1 |a Заславский  |b Ю. Л.  |g Юрий Леонидович 
702 1 |a Юдин  |b Д. Б.  |4 340 
801 1 |a RU  |b 63413507  |c 20120127 
801 2 |a RU  |b 63413507  |c 20221109  |g RCR 
942 |c BK